[Event "Agartala Dutta Memorial 3rd"]
[Site "Agartala"]
[Date "2023.11.05"]
[Round "8"]
[White "Bora, Mahendra"]
[Black "Mahir, Taneja"]
[Result "0-1"]
[WhiteElo "1311"]
[BlackElo "1543"]
[PlyCount "109"]
[EventDate "2023.11.01"]
[EventType "swiss"]
[EventRounds "10"]
[EventCountry "IND"]
[SourceTitle "CB46_2023"]
[SourceDate "2023.11.15"]
[SourceVersion "1"]
[SourceVersionDate "2023.11.15"]
[SourceQuality "1"]

1. d4 d5 2. c4 e6 3. Nc3 f5 4. cxd5 exd5 5. Bf4 c6 6. e3 Nf6 7. Qc2 Be7 8. Bd3 Ne4 9. Nge2 0-0 10. f3 Nd6 11. 0-0 Bg5 12. Bxd6 Bxe3+ 13. Kh1 Qxd6 14. g3 Bh6 15. f4 g6 16. Ng1 Bg7 17. Nf3 Nd7 18. Rac1 Nf6 19. Ne5 Ne4 20. Rfe1 Bxe5 21. dxe5 Qe7 22. Kg2 Be6 23. a3 Rac8 24. Re2 Nxc3 25. Qxc3 c5 26. Rec2 Rfd8 27. h4 c4 28. Bf1 d4 29. Qa5 b6 30. Qa6 d3 31. Rd2 Rc5 32. Qa4 Qc7 33. Qb4 a5 34. Qc3 b5 35. b4 axb4 36. axb4 Rcd5 37. Kh3 Qb6 38. Bg2 R5d7 39. Ra1 Qd4 40. Rc1 Qxc3 41. Rxc3 Bd5 42. Bxd5+ Rxd5 43. Kg2 Rd4 44. Kf3 Re4 45. Ra3 Rc8 46. Rc3 Rd8 47. Ra3 Rd7 48. Ra8+ Kf7 49. Rc8 Ke6 50. Rc5 Rd5 51. Rc7 Rd7 52. Rc5 Re1 53. Kf2 Rb1 54. Rxb5 c3 55. Rb6+ 0-1